[Event "LSS RN-2008-0-00147"]
[Site "LSS email"]
[Date "2008.08.20"]
[Round "?"]
[White "Loktayev, Vladislav"]
[Black "Sulis, Erika"]
[Result "1-0"]
[WhiteElo "1180"]
[BlackElo "916"]
[PlyCount "27"]
[EventDate "2008.08.15"]
[EventType "tourn (corr)"]
[EventRounds "6"]
[EventCountry "GER"]
[SourceTitle "Corr 2013"]
[Source "ChessBase"]
[SourceDate "2012.11.12"]
[SourceVersion "1"]
[SourceVersionDate "2012.11.12"]
[SourceQuality "1"]

1. d4 d5 2. Nf3 Nc6 3. Bf4 g6 4. e3 a6 5. Bd3 Bg4 6. Nbd2 Bg7 7. h3 Bd7 8. 0-0 e6 9. c4 dxc4 10. Nxc4 Qe7 11. Bxc7 Nf6 12. Nd6+ Kf8 13. Nxb7 Bh6 14. Bd6 1-0

[Event "LSS RN-2008-0-00147"]
[Site "LSS email"]
[Date "2008.08.19"]
[Round "?"]
[White "Gatto, Carolina"]
[Black "Sulis, Erika"]
[Result "1/2-1/2"]
[WhiteElo "922"]
[BlackElo "916"]
[PlyCount "33"]
[EventDate "2008.08.15"]
[EventType "tourn (corr)"]
[EventRounds "6"]
[EventCountry "GER"]
[SourceTitle "Corr 2013"]
[Source "ChessBase"]
[SourceDate "2012.11.12"]
[SourceVersion "1"]
[SourceVersionDate "2012.11.12"]
[SourceQuality "1"]

1. e4 d5 2. exd5 Qxd5 3. Nc3 Qc5 4. d4 Qb6 5. Nf3 Nf6 6. Be2 Bf5 7. Na4 Qc6 8. c3 e6 9. 0-0 Bd6 10. Qb3 a6 11. Be3 h6 12. h3 Nbd7 13. Rac1 Nb6 14. Nxb6 Qxb6 15. Qxb6 cxb6 16. Rfd1 0-0 17. c4 1/2-1/2

[Event "LSS RN-2008-0-00147"]
[Site "LSS email"]
[Date "2008.08.19"]
[Round "?"]
[White "Sulis, Erika"]
[Black "Croke, Pat"]
[Result "1-0"]
[WhiteElo "916"]
[BlackElo "550"]
[PlyCount "69"]
[EventDate "2008.08.15"]
[EventType "tourn (corr)"]
[EventRounds "6"]
[EventCountry "GER"]
[SourceTitle "Corr 2015"]
[Source "ChessBase"]
[SourceDate "2015.07.17"]
[SourceVersion "1"]
[SourceVersionDate "2015.07.17"]
[SourceQuality "1"]

1. c4 c6 2. d4 d5 3. Nf3 Nf6 4. Nc3 e6 5. c5 b6 6. cxb6 axb6 7. Bg5 c5 8. e3 Nc6 9. Bb5 Bd7 10. a3 Be7 11. 0-0 0-0 12. Rc1 cxd4 13. Nxd4 e5 14. Nxc6 Bxc6 15. Bxc6 Ra5 16. Bxf6 d4 17. Bxe7 Qxe7 18. exd4 Qd6 19. Ne4 Qg6 20. Qb3 exd4 21. Qxb6 Rh5 22. Qxd4 f5 23. Ng3 Rg5 24. Rfe1 f4 25. Ne4 Rxg2+ 26. Kf1 f3 27. Ng3 Rxh2 28. Re6 Qh5 29. Ke1 Qg5 30. Qc4 Kh8 31. Re8 Rxe8+ 32. Bxe8 Qe7+ 33. Kf1 Rh4 34. Qc8 Rh1+ 35. Nxh1 1-0

[Event "LSS RN-2008-0-00147"]
[Site "LSS email"]
[Date "2008.08.19"]
[Round "?"]
[White "Sulis, Erika"]
[Black "Petidis, Kostas"]
[Result "1-0"]
[WhiteElo "953"]
[BlackElo "719"]
[PlyCount "45"]
[EventDate "2008.08.15"]
[EventType "tourn (corr)"]
[EventRounds "6"]
[EventCountry "GER"]
[SourceTitle "Corr 2011"]
[Source "ChessBase"]
[SourceDate "2010.08.31"]
[SourceVersion "1"]
[SourceVersionDate "2010.08.31"]
[SourceQuality "1"]

1. c4 Nf6 2. d4 g6 3. Nc3 Bg7 4. e4 d6 5. Qb3 0-0 6. h3 Nc6 7. Nf3 Re8 8. Be2 e5 9. d5 Nb8 10. 0-0 a6 11. Be3 Rf8 12. Rac1 Ne8 13. c5 f5 14. Ng5 f4 15. Ne6 Bxe6 16. dxe6 Qe7 17. Bd2 c6 18. Na4 Rf6 19. Rfd1 Qc7 20. Ba5 Qe7 21. cxd6 Nxd6 22. Bb4 Rxe6 23. Bg4 1-0

[Event "LSS RN-2008-0-00147"]
[Site "LSS email"]
[Date "2008.08.19"]
[Round "?"]
[White "Trevis, Robert R"]
[Black "Sulis, Erika"]
[Result "1-0"]
[WhiteElo "650"]
[BlackElo "916"]
[PlyCount "33"]
[EventDate "2008.08.15"]
[EventType "tourn (corr)"]
[EventRounds "6"]
[EventCountry "GER"]
[SourceTitle "Corr 2015"]
[Source "ChessBase"]
[SourceDate "2015.07.17"]
[SourceVersion "1"]
[SourceVersionDate "2015.07.17"]
[SourceQuality "1"]

1. e4 c5 2. Nf3 Nc6 3. c3 e5 4. Bc4 h6 5. d4 Qb6 6. dxe5 Qc7 7. Bf4 Nge7 8. Bxf7+ Kd8 9. Na3 a6 10. Qd6 Qb6 11. Nc4 Qa7 12. 0-0 b5 13. Ne3 Nf5 14. Qg6 Nxe3 15. Bxe3 Bb7 16. Rad1 Ne7 17. Rxd7+ 1-0